| 000 | 00539nam a22001697a 4500 | ||
|---|---|---|---|
| 008 | 210503b ||||| |||| 00| 0 eng d | ||
| 020 | _a9780815393542 | ||
| 082 | _a306.01 STO | ||
| 245 | _aCultural theory and popular culture : a reader | ||
| 250 | _a5th ed. | ||
| 260 |
_aLondon ; New York : _bRoutledge, _c2019. |
||
| 300 |
_axix, 661 p. _c25 cm. |
||
| 500 | _aIncludes bibliographical references and index. | ||
| 650 | _a Popular culture. Popular culture--Philosophy. Culture--History. | ||
| 700 | _a Storey, John | ||
| 942 | _2ddc | ||
| 999 |
_c8713 _d8714 |
||